| 000 | 00721nam a22001697a 4500 | ||
|---|---|---|---|
| 999 |
_c11643 _d11643 |
||
| 008 | 181214b ||||| |||| 00| 0 eng d | ||
| 082 |
_22018 _aUT 1102 _bC17 |
||
| 100 |
_aCapoy, Hannah Faye A. _933050 |
||
| 245 |
_aWeb- based health monitoring system for the Municipality of Sta.Cruz health centers using quicksort algorithm / _cHannah faye A. Capoy, Daisy Mae M. Presbitero, and Ilyn Chris N. Ruto |
||
| 260 |
_aDigos City: _bUMDC _cApril 2018. |
||
| 300 |
_a125 pages ; _c30 cm. |
||
| 650 |
_aTechnical Program _vInformation Technology _xUndergraduate thesis. _933301 |
||
| 700 |
_aCapoy, Hannah Faye A. _933050 |
||
| 700 |
_aPresbitero, Daisy Mae M. _932751 |
||
| 700 |
_aDela Cruz, Ilyn Chris _933302 |
||
| 942 |
_2ddc _cUT |
||